Sports Quiz

Random Sports or NBA Quiz

Players with the best center stats Quiz Stats

 Plays Quiz not verified by Sporcle

Challenge
Share
Tweet
Embed
Score 0/27 Timer 05:00
0 Plays Today
Number of seasons Player % Correct
12Hakeem Olajuwon
96.6%
8Tim Duncan
94.4%
4Dwight Howard
93.3%
11Kareem Abdul-Jabbar
92.1%
10Patrick Ewing
92.1%
2Jermaine O'Neal
92.1%
8David Robinson
91%
7Shaquile O'Neal
91%
1Clifford Robinson
91%
2Kevin Garnett
83.1%
1Pau Gasol
76.4%
2Robert Parish
74.2%
1Yao Ming
73%
2Moses Malone
71.9%
Number of seasons Player % Correct
4Alonzo Mourning
68.5%
3Elton Brand
65.2%
2Kevin McHale
61.8%
2Ralph Sampson
51.7%
7Elvin Hayes
50.6%
3Bob McAdoo
49.4%
2Amare Stoudemire
47.2%
1Al Jefferson
47.2%
5Artis Gilmore
37.1%
2Bob Lanier
33.7%
1Larry Nance
25.8%
1Herb Williams
20.2%
1Joe Barry Carroll
13.5%

You're not logged in!

Compare scores with friends on all Sporcle quizzes.
Join for Free
OR
Log In

You Might Also Like...

Show Comments

Extras

Created Feb 22, 2012ReportNominate
Tags:Basketball Quiz, NBA Quiz, center

Top Quizzes Today


Score Distribution

Your Account Isn't Verified!

In order to create a playlist on Sporcle, you need to verify the email address you used during registration. Go to your Sporcle Settings to finish the process.

Report this User

Report this user for behavior that violates our Community Guidelines.

Details: